The cave of Altamira (Record no. 10443)

MARC details
000 -CABECERA
campo de control de longitud fija 00906nam a2200241 a 4500
001 - NÚMERO DE CONTROL
campo de control BRL_1634
005 - FECHA Y HORA DE LA ÚLTIMA TRANSACCIÓN
campo de control 20190320211311.0
008 - DATOS DE LONGITUD FIJA--INFORMACIÓN GENERAL
campo de control de longitud fija 150414s1963----sp-abeo###---#000-0#eng-#
041 ## - CÓDIGO DE LENGUA
Código de lengua del texto/banda sonora o título independiente eng
044 ## - CÓDIGO DEL PAÍS DE LA ENTIDAD EDITORA/PRODUCTORA
Código MARC del país sp
050 #4 - SIGNATURA TOPOGRÁFICA DE LA BIBLIOTECA DEL CONGRESO
Número de clasificación N5310.5.S7
Número de documento/Ítem .C37 1963
100 1# - ENTRADA PRINCIPAL--NOMBRE DE PERSONA
Nombre de persona Carballo, Jesús
Fechas asociadas al nombre 1874-1961
9 (RLIN) 27497
245 10 - MENCIÓN DE TÍTULO
Título The cave of Altamira
Resto del título and other caves qith paintings in the province of Santander
Mención de responsabilidad, etc. J. Carballo ; translated into english by Madeleine D. Lorch.
260 ## - PUBLICACIÓN, DISTRIBUCIÓN, ETC.
Lugar de publicación, distribución, etc. Santander, España
Nombre del editor, distribuidor, etc. Patronato de las Cuevas Prehistóricas de la Provincia de Santender
Fecha de publicación, distribución, etc. 1963
300 ## - DESCRIPCIÓN FÍSICA
Extensión 96 p.
Otras características físicas il.(a color), mapas, planos
Dimensiones 17 cm.
500 ## - NOTA GENERAL
Nota general Au1845
650 14 - PUNTO DE ACCESO ADICIONAL DE MATERIA--TÉRMINO DE MATERIA
Término de materia o nombre geográfico como elemento de entrada Pintura rupestre
Subdivisión geográfica Santander (España)
9 (RLIN) 27498
650 14 - PUNTO DE ACCESO ADICIONAL DE MATERIA--TÉRMINO DE MATERIA
Término de materia o nombre geográfico como elemento de entrada Arte prehistórico
Subdivisión geográfica Santander (España)
9 (RLIN) 27499
651 #4 - PUNTO DE ACCESO ADICIONAL DE MATERIA--NOMBRE GEOGRÁFICO
Nombre geográfico Altamira, Cuevas de (España)
9 (RLIN) 27500
700 1# - PUNTO DE ACCESO ADICIONAL--NOMBRE DE PERSONA
Nombre de persona Lorch, Madeleine D.
Término indicativo de función/relación tr.
9 (RLIN) 27501
902 ## - CATALOGADOR
Iniciales GRL
942 ## - ELEMENTOS DE PUNTO DE ACCESO ADICIONAL (KOHA)
Fuente del sistema de clasificación o colocación Library of Congress Classification
Tipo de ítem Koha Libros
Holdings
Estado de retiro Estado de pérdida Estado dañado No para préstamo Localización permanente Ubicación/localización actual Fecha de adquisición Número de inventario Total de préstamos Signatura topográfica completa Código de barras Fecha visto por última vez Precio válido a partir de Tipo de ítem Koha
El ejemplar forma parte de la colección y puede ser consultado según las políticas vigentes.       Biblioteca Centro de Estudios Ruth D. Lechuga Biblioteca Centro de Estudios Ruth D. Lechuga 15/04/2014 Au1845   N5310.5.S7 .C37 1963 (Au1845) GRL01799 22/03/2019 22/03/2019 Libros